| 000 | 00813nam a2200241 a 4500 | ||
|---|---|---|---|
| 001 | 704 | ||
| 003 | BR-CuiBMT | ||
| 005 | 20231113234729.0 | ||
| 008 | 231113s2011 mgb 000 0 por d | ||
| 020 | _a9788577004133 | ||
| 040 |
_aBR-CuiBMT _cBR-CuiBMT |
||
| 080 |
_22007 _a342.9 |
||
| 090 |
_a342.9 _bF866f |
||
| 100 | 1 | _aFreitas, Daniela Bandeira de | |
| 245 | 2 |
_aA fragmentação administrativa do Estado : _b fatores determinantes, limitações e problemas jurídico-políticos / _cDaniela Bandeira de Freitas ; prefácio, Jessé Torres Pereira Junior. |
|
| 260 |
_aBelo Horizonte : _bFórum, _c2011 |
||
| 300 |
_a320 p.: _c22 cm |
||
| 504 | _aInclui bibliografia e índice. | ||
| 650 | _aAdministração pública | ||
| 650 | _aDireito administrativo | ||
| 650 | _aCiências políticas | ||
| 942 |
_2udc _cLV |
||
| 999 |
_c704 _d704 |
||